Ensayos sobre estabilidad y desarrollo económicos

שמור ב:
מידע ביבליוגרפי
מחבר ראשי: Kaldor, Nicholas
פורמט: Texto
יצא לאור: Madrid: Tecnos
תגים: הוספת תג
אין תגיות, היה/י הראשונ/ה לתייג את הרשומה!

MARC

LEADER 00000 a a2200000 04500
001 22223
003
040
090 |a 150800  
100 |a Kaldor, Nicholas  
245 |a Ensayos sobre estabilidad y desarrollo económicos  
260 |a Madrid:   |b Tecnos  
300 |a 284 p.  
999 |c 11598  |d 11598